Szczegóły MARC21

LAMS and learning design /

003 -Nazwa inst., której nr kontr. jest w polu 001 [,]
    • @
    • Nazwa instytucji, której n kontrolny jest w polu 001
    • NUKAT
005 -DATA I CZAS OSTATNIEJ MODYFIKACJI [,]
    • @
    • pole kontrolne
    • 20241231102844.0
020 -Międzynarod. znormalizowany nr książki - ISBN [ , ]
    • a
    • Numer ISBN
    • 9789963634804 Find
040 -Instytucja sporządzająca opis [ , ]
    • a
    • Instytucja, która sporządziła opis (NP)
    • LUBL U/rok
    • c
    • Instytucja, która sporządziła rekord (NP)
    • LUBL U/roks
    • d
    • Instytucja, która zmodyfikowała rekord (P)
    • LUBL U/Mko
942 -Rodzaj dokumentu [ , ]
    • c
    • Rodzaj dokumentu
    • Książka
245 -Strefa tytułu i oznaczenia odpowiedzialności [0,0]
    • a
    • Tytuł
    • LAMS and learning design / Find
    • c
    • Pozostałe elementy strefy tytułu i oznaczenia odpowiedzialności (NP)
    • ed. by James Dalziel, Chris Alexander & Jarosław Krajka.
260 -Strefa adresu wydawniczego [ , ]
    • a
    • Miejsce wydania (P)
    • Nicosia :
    • b
    • Nazwa wydawcy (P)
    • University of Nicosia Press,
    • c
    • Data wydania (P)
    • 2010.
300 -Strefa opisu fizycznego [ , ]
    • a
    • Określenie formy książki i/lub objętość (NP)
    • IX, 145 s. :
    • b
    • Oznaczenie ilustracji (NP)
    • il. ;
    • c
    • Format (NP)
    • 24 cm.
336 -Typ zawartości [ , ]
    • a
    • Termin opisujący typ zawartości
    • Tekst
    • b
    • Kod określający zawartość
    • txt
    • 2
    • Źródło (terminu i kodu)
    • rdacontent
337 -Typ mediów [ , ]
    • a
    • Tryb odtwarzania
    • Bez urządzenia pośredniczącego
    • b
    • Kod typu mediów
    • n
    • 2
    • Źródło (terminu i kodu)
    • rdamedia
338 -Typ/rodzaj nośnika [ , ]
    • a
    • Hasło opisujące typ nośnika
    • Wolumin
    • b
    • Kod typu nośnika
    • nc
    • 2
    • Źródło (terminu i kodu)
    • rdacarrier
504 -Uwaga dot. bibliogr. załącznikowej [ , ]
    • a
    • Uwaga dot. bibliografii załącznikowej
    • Bibliogr. przy rozdz.
080 -Uniwersalna Klasyfikacja Dziesiętna [ , ]
    • 2
    • Identyfikator wydania tablic
    • UDC-P058
    • 9
    • UKD
    • 3837
    • a
    • Symbol klasyfikacji
    • 37.015.3
    • b
    • Dopowiedzenie
    • Psychologia pedagogiczna. Psychologia wychowawcza.
    • 4
    • UKD2
    • 7644
    • x
    • Poddział wspólny
    • =111
    • c
    • Dopowiedzenie poddz. wspólnego
    • =Język angielski.
080 -Uniwersalna Klasyfikacja Dziesiętna [ , ]
    • 2
    • Identyfikator wydania tablic
    • UDC-P058
    • 9
    • UKD
    • 3811
    • a
    • Symbol klasyfikacji
    • 37.01
    • b
    • Dopowiedzenie
    • Podstawy wychowania i nauczania (materialne, teoretyczne, filozoficzne itd.). Pojęcia podstawowe. Cele wychowania.
    • 4
    • UKD2
    • 7644
    • x
    • Poddział wspólny
    • =111
    • c
    • Dopowiedzenie poddz. wspólnego
    • =Język angielski.
650 -Hasło przedmiotowe [ ,7]
    • a
    • Hasło przedmiotowe
    • Psychologia uczenia się.
    • 2
    • Źródło terminu
    • kaba
    • 9
    • KHW
    • 126986
650 -Hasło przedmiotowe [ ,7]
    • a
    • Hasło przedmiotowe
    • Nauczanie.
    • 2
    • Źródło terminu
    • kaba
    • 9
    • KHW
    • 120666
980 -Symbol UKD [ , ]
    • a
    • UKD
    • 37.015.3:37.01]=111
700 -Hasło dodatkowe - nazwa osobowa [1, ]
    • a
    • Nazwa osobowa (NP)
    • Dalziel, James. Find
    • e
    • Określenie rodzaju współpracy
    • Red.
    • 9
    • KHW
    • 47678
700 -Hasło dodatkowe - nazwa osobowa [1, ]
    • a
    • Nazwa osobowa (NP)
    • Alexander, Chris. Find
    • e
    • Określenie rodzaju współpracy
    • Red.
    • 9
    • KHW
    • 47679
700 -Hasło dodatkowe - nazwa osobowa [1, ]
    • a
    • Nazwa osobowa (NP)
    • Krajka, Jarosław. Find
    • e
    • Określenie rodzaju współpracy
    • Red.
    • 9
    • KHW
    • 47680
920 -ISBN [ , ]
    • a
    • ISBN
    • 978-9963-634-80-4 Find
Data inwentaryzacji Lokalizacja Numer inwentarzowy Status udost.
2011-04-01BEE.73145-2